| 000 | 01592nam a2200253Ia 4500 | ||
|---|---|---|---|
| 999 |
_c34586 _d34586 |
||
| 001 | 347 | ||
| 003 | GE_BSU | ||
| 005 | 20200127115551.0 | ||
| 008 | 181216s2009||||ge |||||||||||||| ||geo|| | ||
| 020 | _a978994101086 | ||
| 040 | _cGE_BSU | ||
| 041 | _ageo | ||
| 080 | _a005.7 თ-29 | ||
| 245 |
_aთანამედროვე ორგანიზაციების მართვა _bჟურნალ "სტრატეგია და ორგანიზაციის" საუკეთესო სტატ. კრებული / _c [ავტ. ჯგ.: პაპუნა ტოლიაშვილი, მამია მოცრაძე, დავით წინწკალაძე და სხვ. ; რედ. ნუკრი მიხანაშვილი ; ილ. მერაბ კოპალეიშვილი]. |
||
| 264 |
_aთბილისი : _bსინერჯის ბიზნეს გამ-ბა, _c2009. |
||
| 300 |
_a205 გვ.; _b19 სმ. |
||
| 653 | _aორგანიზაციების მართვა | ||
| 700 |
_aტოლიაშვილი, პაპუნა _eავტორი _96389 |
||
| 700 |
_aმოცრაძე, მამია _eავტორი _96390 |
||
| 700 |
_aწინწკალაძე, დავით და სხვ. _eავტორი _96391 |
||
| 700 |
_aმიხანაშვილი, ნუკრი _eრედაქტორი _96392 |
||
| 700 |
_aკოპალეიშვილი, მერაბ _eმხატვარი _96393 |
||
| 942 |
_cBK _2udc |
||